| 000 | 00539nam a2200217Ia 4500 | ||
|---|---|---|---|
| 003 | 0100 | ||
| 005 | 20161115122856.0 | ||
| 008 | 130307s9999 xx 000 0 und d | ||
| 020 | _a0521524164 | ||
| 040 | _cARRUPELIB | ||
| 050 | _aBL240.3. S34 2002 | ||
| 100 |
_aSaunders, Nicholas _927462 |
||
| 245 | _aDivine action and modern science | ||
| 260 | _aUnited Kingdom | ||
| 260 | _bcambridge University Press | ||
| 260 | _c2002 | ||
| 300 | _axvii | ||
| 300 | _b234p. 23cm | ||
| 650 |
_aRELIGION _927463 |
||
| 942 |
_2lcc _cMONOGRAPH |
||
| 999 |
_c93880 _d93880 |
||